<?xml version="1.0" encoding="UTF-8"?>
<record
    xmlns:xsi="http://www.w3.org/2001/XMLSchema-instance"
    xsi:schemaLocation="http://www.loc.gov/MARC21/slim http://www.loc.gov/standards/marcxml/schema/MARC21slim.xsd"
    xmlns="http://www.loc.gov/MARC21/slim">

  <leader>01221    a2200145   4500</leader>
  <datafield tag="999" ind1=" " ind2=" ">
    <subfield code="c">26827</subfield>
    <subfield code="d">26827</subfield>
  </datafield>
  <datafield tag="020" ind1=" " ind2=" ">
    <subfield code="a">9781107601635</subfield>
  </datafield>
  <datafield tag="082" ind1=" " ind2=" ">
    <subfield code="a">341.48	</subfield>
    <subfield code="b">ROB-C</subfield>
  </datafield>
  <datafield tag="100" ind1=" " ind2=" ">
    <subfield code="a">Roberts, Christopher N.J. </subfield>
  </datafield>
  <datafield tag="245" ind1=" " ind2=" ">
    <subfield code="a">Contentious History of the International Bill of Human Right </subfield>
  </datafield>
  <datafield tag="260" ind1=" " ind2=" ">
    <subfield code="b">Cambridge University Press</subfield>
    <subfield code="c">2014</subfield>
  </datafield>
  <datafield tag="300" ind1=" " ind2=" ">
    <subfield code="a">255, pp</subfield>
  </datafield>
  <datafield tag="520" ind1=" " ind2=" ">
    <subfield code="a">Today, the idea of human rights enjoys near-universal support; yet, there is deep disagreement about what human rights actually are - their true source of origin, how to study them, and how best to address their deficits. In this sweeping historical exploration, Christopher N. J. Roberts traces these contemporary conflicts back to their moments of inception and shows how more than a half century ago, a series of contradictions worked their way into the International Bill of Human Rights, the foundation of the modern system of human rights. By viewing human rights as representations of human relations that emerge from struggle, this book charts a new path into the subject of human rights and offers a novel theory and methodology for rigorous empirical study.</subfield>
  </datafield>
  <datafield tag="650" ind1=" " ind2=" ">
    <subfield code="a">Human rights</subfield>
    <subfield code="v">Universal Declaration of Human Rights (United Nations. General Assembly)</subfield>
  </datafield>
  <datafield tag="942" ind1=" " ind2=" ">
    <subfield code="2">ddc</subfield>
    <subfield code="c">BK</subfield>
  </datafield>
  <datafield tag="952" ind1=" " ind2=" ">
    <subfield code="0">0</subfield>
    <subfield code="1">0</subfield>
    <subfield code="4">0</subfield>
    <subfield code="7">0</subfield>
    <subfield code="a">NASSDOC</subfield>
    <subfield code="b">NASSDOC</subfield>
    <subfield code="d">2021-04-13</subfield>
    <subfield code="e">Overseas Press India Private Limited</subfield>
    <subfield code="g">1564.72</subfield>
    <subfield code="i">2021-03-08</subfield>
    <subfield code="l">0</subfield>
    <subfield code="o">341.48 ROB-C</subfield>
    <subfield code="p">51545</subfield>
    <subfield code="r">2021-04-13 00:00:00</subfield>
    <subfield code="v">2203.84</subfield>
    <subfield code="w">2021-04-13</subfield>
    <subfield code="y">BK</subfield>
  </datafield>
</record>
